000 00625nam a2200229Ia 4500
008 180523s9999 xx 000 0 und d
020 _a0-399-53283-8
050 _aMAIN HG 4521
050 _b.S65 2006
100 _aSolin, Daniel R.
245 4 _aThe Smartest investment book you'll ever read :
245 4 _bthe simple, stress-free way to reach your investment goals /
245 0 _cDaniel R. Solin.
260 _aNew York :
260 _bPenguin Group,
260 _c2006
300 _a179 pages :
300 _billustrations ;
300 _c22 cm.
500 _aIncludes index.
650 _aInvestments.
999 _c357270
_d357270